[Event "EIWCC 2018"]
[Site "Vysoke Tatry"]
[Date "2018.04.11"]
[Round "4"]
[White "Ozbay, Ece"]
[Black "Chan, Naruna"]
[Result "0-1"]
[WhiteElo "2216"]
[BlackElo "1909"]
[Annotator "TA"]
[PlyCount "114"]
[EventDate "2018.??.??"]
[EventType "swiss"]
[EventCountry "SVK"]
[SourceTitle "playchess.com"]
[Source "ChessBase"]
[SourceQuality "1"]

{[%evp 20,114,4,0,33,10,12,-3,5,-11,-13,-31,-21,-22,-16,-57,0,0,0,0,0,-21,-6,-14,-8,-19,44,39,46,46,45,23,31,11,15,10,22,15,18,17,21,6,11,0,0,-39,-30,-140,-137,-206,-221,-231,-210,-283,-283,-331,-372,-331,-335,-317,-282,-459,-450,-485,-464,-490,-483,-500,-500,-491,-477,-480,-397,-368,0,-464,-463,-1040,-1033,-726,-451,-1011,-1485,-1502,-1452,-1254,-1171,-3929,-3003,-1989,-2177,-29962,-29948,-29973,-29970,-6414,-6402]} 1. e4 c5 2. Nf3 Nc6 3. Bb5 e6 4. O-O Nge7 5. Re1 a6 6. Bf1 d5 7. exd5 Nxd5 8. d4 Nf6 9. Be3 Be7 {B30: Sicilian: 2...Nc6 3 Bb5, lines without ...g6} (9... Nd5 10. Bg5 f6 11. c4 Nde7 12. d5 fxg5 13. dxc6 Qxd1 14. Rxd1 Nxc6 15. Nxg5 Nd4 16. Nc3 Be7 17. Nge4 {½-½ (63) Melkumyan,H (2654)-Lenic,L (2662) chess.com INT 2018}) 10. Nc3 cxd4 11. Nxd4 {LiveBook: 4 Games} Qc7 {The position is equal.} 12. Qf3 Bd7 $146 ({Predecessor:} 12... O-O 13. Nb3 Ne5 14. Qg3 Bd6 15. Rad1 Nc4 16. Qh4 Nxe3 17. Rxe3 {0-1 (32) Varela,M (1602)-Monroy Garzon,N (1999) Guatape 2016}) 13. Rad1 O-O 14. Nxc6 Bxc6 15. Qh3 Rfd8 16. Bd3 Qa5 17. f4 Qh5 (17... g6 $15) 18. Qxh5 $11 Nxh5 19. g4 Nf6 20. Bb6 (20. g5 $5 {[%cal Rg5f6]} Nd5 21. Nxd5 Bxd5 22. Bb6 $11) 20... Re8 21. g5 Nd7 22. Bf2 Bc5 ({Better is} 22... Rac8 $11) 23. Be4 $14 {[#] And now Bxc6 would win.} Bxf2+ 24. Kxf2 {Black must now prevent Bxc6.} Bxe4 25. Rxe4 Nf8 26. Na4 Rac8 27. c3 Rc6 {Threatens to win with ...b5.} 28. b4 f6 29. gxf6 gxf6 30. h4 h5 {[%cal Bh7h5,Bh5h4][%mdl 32]} 31. Rd3 Kf7 32. Ke2 Ng6 33. Ke1 (33. Nc5 $11 {remains equal.}) 33... Nxh4 $17 34. Rh3 (34. c4 $17 {might work better.}) 34... Nf5 $19 35. Re2 h4 36. Kd2 Rd8+ 37. Rd3 Rxd3+ 38. Kxd3 {[%mdl 4096] Endgame KRN-KRN} Rd6+ 39. Kc2 {[#]} a5 $1 {[%mdl 512]} 40. Nc5 $2 (40. bxa5 Rd5 41. Nb2) 40... axb4 41. Kb2 bxc3+ 42. Kxc3 b6 43. Ne4 Rd1 44. Rh2 Rf1 45. Nf2 Ng3 {aiming for ...Rxf2!} 46. Kc4 Nf5 $2 (46... Rc1+ $19 47. Kb5 Rb1+ 48. Kc6 Nf5) 47. Kb5 $2 {[%mdl 8192]} (47. Kc3 $1 $11 {and White has nothing to worry.} Rc1+ 48. Kb2) 47... Rb1+ 48. Ka6 (48. Kc6 $142) 48... Rb2 49. a4 Nd6 50. Ng4 (50. Rxh4 $142 Rxf2 51. Kxb6) 50... Rxh2 51. Nxh2 {KN-KN} Nc4 52. Kb5 Nb2 53. Kxb6 Nxa4+ 54. Kb5 Nb2 55. Nf3 h3 56. Kc6 Kg6 57. Kd6 Kf5 {Precision: White = 18%, Black = 66%.} 0-1

[Event "EIWCC 2018"]
[Site "Vysoke Tatry"]
[Date "2018.04.11"]
[Round "4"]
[White "Antolak, Julia"]
[Black "Bodnaruk, Anastasia"]
[Result "1-0"]
[WhiteElo "2212"]
[BlackElo "2460"]
[Annotator "TA"]
[PlyCount "79"]
[EventDate "2018.??.??"]
[EventType "swiss"]
[EventCountry "SVK"]
[SourceTitle "playchess.com"]
[Source "ChessBase"]
[SourceQuality "1"]

{[%evp 29,79,10,58,10,16,0,0,-42,-40,-47,-46,-50,0,0,0,0,0,0,114,112,118,40,44,33,35,-28,212,238,222,224,222,0,300,284,665,589,1058,583,1445,1228,1168,1162,1528,1083,1066,1059,1116,1114,1099,1073,1001,981]} 1. e4 c5 2. Nf3 d6 3. d4 cxd4 4. Nxd4 Nf6 5. Nc3 a6 6. Be3 e5 7. Nb3 Be7 8. f3 O-O 9. Qd2 Be6 10. O-O-O Nbd7 11. g4 {[%cal Bg2g4,Bg4g5][%mdl 32]} b5 12. g5 Nh5 13. Kb1 Qc7 14. Nd5 Bxd5 15. exd5 f5 {LiveBook: 4 Games. B90: Sicilian Najdorf: Unusual White 6th moves, 6 Be3 Ng4 and 6 Be3 e5} (15... Nb6 16. Rg1 g6 17. Na5 Nxd5 18. Qxd5 Qxa5 19. c4 Rab8 20. Bd3 Rfe8 21. cxb5 axb5 22. Bc4 Rf8 23. Rc1 {0-1 (49) Demchenko,A (2588)-Alekseev,E (2682) St Petersburg 2014}) 16. gxf6 Bxf6 17. Bd3 Nb6 {The position is equal.} 18. Bxb6 Qxb6 19. Na5 Bh4 $146 ({Predecessor:} 19... g6 20. Qb4 Qc7 21. Rhg1 Nf4 22. Be4 Bd8 23. Nc6 {1-0 (64) Feuerstack,A (2296)-Bracker,F (2058) Willingen 2006}) 20. Nc6 {Hoping for Qb4.} Rf4 ({Worse is} 20... Rxf3 21. Qb4 $16) 21. Rhg1 Qf2 22. Qa5 Qxf3 {[#]} 23. Bxb5 $1 {[%mdl 512]} e4 (23... Bf2 $11 24. Rgf1 e4) (23... axb5 24. Qxa8+) 24. Nd4 $1 $36 {[%cal Rd4f3][%mdl 2048] White is really pushing.} Qe3 25. Ne6 (25. Bc6 $16 Raf8 26. Qxa6) 25... Rf7 $14 26. Rgf1 Bf2 27. Ba4 ({Don't go for} 27. Bxa6 $2 Qa7 $19) ({White should try} 27. Bc4 $14) 27... Nf4 $2 {[#]} (27... Qa7 $11 {and Black has nothing to worry.}) 28. Qb4 $1 $18 Ng2 29. Qxd6 Qe2 {Strongly threatening ...Bc5!} 30. Ng5 $2 ({White should play} 30. Qc6 $18 Rb8 31. Rc1) 30... Rf6 $2 {[%mdl 8192] [#]} (30... Be1 $1 $11 {and Black stays safe.} 31. Rfxe1 Nxe1) 31. Qb4 $1 {d6 is the strong threat.} Rf4 $2 (31... Bb6 32. Qxe4 Qxe4 33. Nxe4 Rg6) 32. d6 {White is clearly winning.} h6 33. Ne6 Rf6 34. Bb3 {[%cal Ba4b3,Bb3d5,Bd5e4][%mdl 32]} Kh7 35. Bd5 Re8 36. Qxe4+ Qxe4 37. Bxe4+ g6 38. d7 Rfxe6 39. dxe8=Q Rxe8 40. Bxg2 {Precision: White = 43%, Black = 35%.} 1-0

[Event "EIWCC 2018"]
[Site "Vysoke Tatry"]
[Date "2018.04.11"]
[Round "4"]
[White "Zherebtsova, Alexandra"]
[Black "Michna, Marta"]
[Result "1-0"]
[WhiteElo "2202"]
[BlackElo "2367"]
[Annotator "NA"]
[PlyCount "59"]
[EventDate "2018.??.??"]
[EventType "swiss"]
[EventCountry "SVK"]
[SourceTitle "playchess.com"]
[Source "ChessBase"]
[SourceQuality "1"]
[TimeControl "40/5400+30:1800+30"]

1. d4 {[%emt 0:00:00]} e6 {[%emt 0:00:10]} 2. Nf3 {[%emt 0:00:04]} b6 {[%emt 0:00:04]} 3. e4 {[%emt 0:00:59]} Bb7 {[%emt 0:00:07]} 4. Bd3 {[%emt 0:00:29]} c5 {[%emt 0:01:12]} 5. c3 {[%emt 0:03:20]} d6 {[%emt 0:00:39]} 6. O-O {[%emt 0:03:01]} Nd7 {[%emt 0:03:04]} 7. Qe2 {[%emt 0:07:20]} Ngf6 {[%emt 0:06:49]} 8. a4 {[%emt 0:07:45]} Be7 {[%emt 0:13:40]} 9. Nbd2 {[%emt 0:08:27]} d5 {[%emt 0:07:29]} (9... Qc7 $14) 10. e5 {[%emt 0:07:31]} Nh5 {[%emt 0:00:26] [#]} 11. Nb1 $1 {[%emt 0:08:16]} g6 {[%emt 0:01:50] [#]} 12. g4 {[%emt 0:06:29]} (12. Bh6 $142 $1) 12... Ng7 $1 {[%emt 0:00:23]} 13. Bh6 {[%emt 0:00:07]} O-O {[%emt 0:00:46]} 14. Nbd2 {[%emt 0:06:17]} Qc7 {[%emt 0:07:29]} 15. h4 {[%emt 0:10:42]} Rae8 {[%emt 0:03:50] [#]} (15... f6 $14) 16. h5 $18 {[%emt 0:06:19]} f5 {[%emt 0:03:47]} 17. exf6 {[%emt 0:08:19]} Rxf6 {[%emt 0:06:46]} 18. hxg6 {[%emt 0:04:17]} Nf8 {[%emt 0:05:38]} 19. Qe5 {[%emt 0:06:46]} Qd8 {[%emt 0:00:31]} 20. gxh7+ Nxh7 {[%emt 0:01:51]} 21. Bxg7 {[%emt 0:01:33]} Kxg7 {[%emt 0:02:38]} 22. g5 {[%emt 0:00:10]} Rg8 {[%emt 0:02:03]} 23. gxf6+ {[%emt 0:00:43]} Kf7+ {[%emt 0:00:01]} 24. Kh1 {[%emt 0:00:39]} Nxf6 {[%emt 0:00:04]} 25. Ng5+ {[%emt 0:01:03]} Rxg5 {[%emt 0:00:39]} 26. Qxg5 {[%emt 0:00:06]} Qh8+ {[%emt 0:00:01]} 27. Kg2 {[%emt 0:01:15]} Ne4 {[%emt 0:00:15]} 28. Qf4+ {[%emt 0:00:22]} Bf6 {[%emt 0:00:02]} 29. Nxe4 {[%emt 0:00:59]} dxe4 {[%emt 0:00:04]} 30. Bxe4 {[%emt 0:00:22]} 1-0

[Event "EIWCC 2018"]
[Site "Vysoke Tatry"]
[Date "2018.04.11"]
[Round "4"]
[White "Ptacnikova, Lenka"]
[Black "Mammadova, Gulnar"]
[Result "1/2-1/2"]
[WhiteElo "2198"]
[BlackElo "2360"]
[Annotator "TA"]
[PlyCount "34"]
[EventDate "2018.??.??"]
[EventType "swiss"]
[EventCountry "SVK"]
[SourceTitle "playchess.com"]
[Source "ChessBase"]
[SourceQuality "1"]

{[%evp 19,28,56,56,48,60,54,63,64,58,60,70]} 1. c4 e5 2. g3 Nc6 3. Bg2 g6 4. Nc3 Bg7 5. e4 d6 6. Nge2 Be6 7. Nd5 Nge7 8. d3 O-O 9. O-O h6 10. Be3 {A26: English Opening vs King's Indian with ...Nc6 and d3} Nd4 {LiveBook: 3 Games. White is slightly better.} 11. Nxd4 exd4 12. Bd2 c6 13. Nf4 Bd7 14. b4 Qc8 {[#]} (14... Kh7 15. a4 a6 {0-1 (41) Grischuk,A (2792)-Andriasian,Z (2611) Dubai 2014}) {Predecessor:} 15. Qc2 $146 Kh7 16. a4 Be5 17. c5 Qc7 {0-1 (82) Kosten,A (2511)-Touzane,O (2384) France 2000} 1/2-1/2

[Event "EIWCC 2018"]
[Site "Vysoke Tatry"]
[Date "2018.04.11"]
[Round "4"]
[White "Ghukasyan, Siranush"]
[Black "Sliwicka, Alicja"]
[Result "1-0"]
[WhiteElo "2195"]
[BlackElo "2329"]
[Annotator "NA"]
[PlyCount "85"]
[EventDate "2018.??.??"]
[EventType "swiss"]
[EventCountry "SVK"]
[SourceTitle "playchess.com"]
[Source "ChessBase"]
[SourceQuality "1"]
[TimeControl "40/5400+30:1800+30"]

1. e4 {[%emt 0:00:48]} c5 {[%emt 0:00:06]} 2. Nf3 {[%emt 0:00:05]} d6 {[%emt 0:00:07]} 3. d4 {[%emt 0:00:05]} cxd4 {[%emt 0:00:05]} 4. Nxd4 {[%emt 0:00:04]} Nf6 {[%emt 0:00:06]} 5. Nc3 {[%emt 0:00:04]} Bd7 {[%emt 0:00:06]} 6. Be2 {[%emt 0:03:35]} e5 {[%emt 0:00:17] B56: Classical Sicilian: Unusual Lines} (6... Nc6 7. Be3 e6 8. g4 h6 9. f4 Nxd4 10. Qxd4 e5 11. fxe5 Nxg4 12. O-O-O Nxe3 13. Qxe3 Qg5 14. Qxg5 hxg5 15. exd6 O-O-O {½-½ (32) So,W (2812)-Carlsen,M (2832) Leuven 2017}) 7. Nf3 {[%emt 0:01:58]} Bc6 {[%emt 0:00:14]} 8. Bg5 {[%emt 0:02:17]} Nbd7 {[%emt 0:00:26]} 9. Nd2 {[%emt 0:06:46]} Be7 {[%emt 0:02:07]} 10. Nc4 $146 {[%emt 0:08:02]} ({Predecessor:} 10. Be3 Nb6 11. O-O d5 12. Bxb6 axb6 13. exd5 Nxd5 14. Nxd5 Qxd5 {0-1 (30) Ziemniak,P (1838)-Sliwicka,A (2003) Jastrzebia Gora 2015}) 10... Qc7 {[%emt 0:03:40]} 11. Ne3 {[%emt 0:06:26]} h6 {[%emt 0:10:46]} 12. Bxf6 {[%emt 0:01:20]} Nxf6 {[%emt 0:00:10]} 13. Bf3 {[%emt 0:03:23]} O-O {[%emt 0:02:43]} 14. O-O {[%emt 0:00:12]} b5 {[%emt 0:04:34]} 15. a3 {[%emt 0:05:56]} a5 {[%emt 0:03:21]} 16. Qd2 {[%emt 0:03:12]} Qb7 {[%emt 0:03:44]} 17. Nf5 {[%emt 0:11:54]} Rfd8 {[%emt 0:07:00]} 18. Rfd1 {[%emt 0:05:22]} Bf8 {[%emt 0:01:37]} 19. Qd3 {[%emt 0:04:06]} b4 {[%emt 0:09:43]} 20. axb4 {[%emt 0:01:32]} axb4 {[%emt 0:00:08]} 21. Nd5 {[%emt 0:00:16]} Nxd5 {[%emt 0:01:37]} 22. exd5 {[%emt 0:00:01]} Bd7 {[%emt 0:01:41]} 23. Ne3 {[%emt 0:02:02]} g6 {[%emt 0:01:15]} 24. Qb3 {[%emt 0:02:22]} f5 {[%emt 0:04:18]} 25. c3 {[%emt 0:04:58]} Rdb8 {[%emt 0:04:09]} 26. c4 {[%emt 0:01:59]} Kh7 {[%emt 0:04:24]} 27. c5 {[%emt 0:05:56]} dxc5 {[%emt 0:03:36]} 28. d6 {[%emt 0:00:08]} e4 {[%emt 0:00:23]} 29. Rxa8 {[%emt 0:01:16]} Rxa8 {[%emt 0:00:22]} 30. Qf7+ {[%emt 0:02:58]} Bg7 {[%emt 0:03:14]} 31. Nd5 {[%emt 0:06:18]} Kh8 {[%emt 0:05:18] [#]} 32. Nc7 $11 {[%emt 0:09:35]} ({White should play} 32. Be2 $1 $16 Rf8 33. Qxg6) 32... Rf8 {[%emt 0:04:53]} 33. Qxd7 {[%emt 0:00:04]} exf3 {[%emt 0:00:59]} 34. Qe7 {[%emt 0:00:15]} Qe4 {[%emt 0:10:14]} 35. h3 {[%emt 0:01:40]} Rg8 {[%emt 0:02:27]} 36. Re1 {[%emt 0:00:30]} Qc2 {[%emt 0:03:27]} 37. Ne6 {[%emt 0:00:19]} Qxb2 {[%emt 0:01:18]} 38. Nxg7 {[%emt 0:00:41]} Qxg7 {[%emt 0:00:10]} 39. d7 {[%emt 0:00:14]} Qd4 {[%emt 0:03:32]} 40. Qe5+ {[%emt 0:00:00]} Qxe5 {[%emt 0:00:35]} 41. Rxe5 {[%emt 0:00:16]} b3 {[%emt 0:00:26]} 42. Re8 {[%emt 0:00:04]} b2 {[%emt 0:00:06]} 43. Rxg8+ {[%emt 0:00:04]} 1-0

[Event "EIWCC 2018"]
[Site "Vysoke Tatry"]
[Date "2018.04.11"]
[Round "4"]
[White "Mrvova, Alena"]
[Black "Charochkina, Daria"]
[Result "0-1"]
[WhiteElo "2179"]
[BlackElo "2326"]
[Annotator "TA"]
[PlyCount "116"]
[EventDate "2018.??.??"]
[EventType "swiss"]
[EventCountry "SVK"]
[SourceTitle "playchess.com"]
[Source "ChessBase"]
[SourceQuality "1"]

{[%evp 12,116,57,57,73,47,80,46,58,46,48,29,51,14,27,12,5,5,42,-2,-16,-36,-29,-87,-87,-91,-85,-112,-108,-100,-116,-133,-120,-125,-83,-166,-155,-176,-158,-176,-176,-187,-187,-229,-238,-294,-278,-277,-284,-274,-256,-254,-225,-243,-220,-285,-279,-283,-273,-268,-268,-287,-204,-227,-230,-227,-199,-202,-221,-205,-182,-278,-266,-232,-212,-184,-195,-237,-262,-253,-252,-329,-313,-327,-314,-380,-364,-373,-371,-370,-372,-367,-360,-357,-350,-345,-339,-1376,-1555,-1343,-1518,-1275,-1247,-1247,-1156,-1073,-1054]} 1. e4 g6 2. d4 Bg7 3. Nf3 d6 4. Bc4 Nf6 5. Qe2 d5 6. exd5 {B06: Modern Defence} Nxd5 7. O-O {LiveBook: 11 Games} c6 8. Nc3 {White is better.} (8. Re1 Bg4 9. Nbd2 Nd7 10. h3 Bxf3 11. Nxf3 N7f6 12. Bb3 e6 13. c4 Ne7 {1-0 (25) Kovacevic,V (2446)-Feletar,D (2370) Mali Losinj 2017}) 8... O-O 9. Bg5 Be6 10. Rfe1 $146 ({Predecessor:} 10. Ne4 Nd7 11. Rad1 h6 12. Bc1 Qc7 13. Rfe1 Rab8 {0-1 (27) Szabo,Z (2345)-Khechumyan,G Budapest 1998}) 10... h6 11. Bd2 Re8 12. Ne5 (12. Ne4 {is interesting.} Nd7 13. Bb3 a5 14. c4 Nc7 15. Bc3) 12... Nxc3 $1 13. bxc3 {Hoping for Bxe6.} (13. Bxc3 $5 {[%cal Rc4e6]} Bxc4 14. Nxc4 $14 (14. Qxc4 e6 $11)) 13... Bxc4 14. Qxc4 Qd5 (14... e6 {keeps more tension.} 15. Qb3 Nd7 16. Ng4 h5 17. Nh6+ Bxh6 18. Bxh6 b6) 15. Qxd5 (15. Qb3 $5 {[%cal Rb3b7]} Bxe5 16. dxe5 $16 (16. Rxe5 Qxb3 17. axb3 h5 $14)) 15... cxd5 16. Rab1 b6 17. Ng4 {[#]} (17. g4 $11 {remains equal.}) 17... h5 $1 $17 {[%cal Rh5g4]} 18. Ne3 Rd8 19. g4 {[#]} hxg4 $1 20. Nxg4 Nc6 21. Rb5 Rac8 22. Kg2 f5 23. Ne3 (23. Nh6+ $17 Kf8 24. h4) 23... e6 $19 24. h4 Kf7 25. f4 Bf6 26. Kg3 Rh8 27. Ng2 Na5 28. Re2 Nc4 29. Be1 Nd6 30. Rb3 Ne4+ 31. Kf3 Rc4 32. Ra3 a5 33. Rb3 Rb8 34. Ne3 Ra4 35. a3 Be7 36. Rh2 Rxa3 37. Rxa3 Bxa3 38. c4 Nf6 39. cxd5 exd5 40. c4 Re8 41. Rc2 {[#]} (41. Ra2 $142 Bd6 42. Rb2) 41... Ng4 $1 {[%mdl 512]} 42. Ng2 (42. Nxg4 fxg4+) 42... Rc8 43. c5 bxc5 44. Bxa5 c4 45. Ra2 Bd6 {aiming for ...Ra8.} 46. Bc3 Rb8 {Threatens to win with ...Rb3.} 47. Ke2 Rb3 48. Rc2 Ba3 49. Ne1 Nf6 50. Nf3 Nh5 51. Ne5+ Kf6 52. Bd2 Ng3+ 53. Ke1 {[#]} c3 $1 {[%cal Bc4c3,Bc3c2][%mdl 544]} 54. Be3 $2 (54. Rxc3 Rb1+ 55. Kf2 Ne4+ 56. Ke3 Nxc3 57. Bxc3) 54... Rb1+ {Black is clearly winning.} 55. Kf2 Rb2 56. Kxg3 Rxc2 57. Nd3 Ra2 58. Kf3 c2 {Precision: White = 45%, Black = 79%.} 0-1

[Event "EIWCC 2018"]
[Site "Vysoke Tatry"]
[Date "2018.04.11"]
[Round "4"]
[White "Petrenko, Svetlana"]
[Black "Mkrtchian, Lilit"]
[Result "1/2-1/2"]
[WhiteElo "2178"]
[BlackElo "2403"]
[Annotator "ChessBase"]
[PlyCount "54"]
[EventDate "2018.??.??"]
[EventType "swiss"]
[EventCountry "SVK"]
[SourceTitle "playchess.com"]
[Source "ChessBase"]
[SourceQuality "1"]
[TimeControl "40/5400+30:1800+30"]

1. c4 c5 2. Nc3 g6 3. g3 Bg7 4. Bg2 Nc6 5. e4 b6 6. d3 Bb7 7. Nge2 d6 8. O-O e6 9. Be3 Nd4 10. Bxd4 cxd4 11. Qa4+ Ke7 12. Nb5 e5 13. f4 a6 14. Na3 Nh6 15. h3 Re8 16. Qb4 f6 17. Rf2 Qc7 18. Raf1 Qc5 19. Qd2 Nf7 20. b4 Qc7 21. Qb2 Kf8 22. g4 Kg8 23. h4 Re7 24. f5 g5 25. h5 Ree8 26. Bf3 Rec8 27. Rc1 Qd7 1/2-1/2

[Event "EIWCC 2018"]
[Site "Vysoke Tatry"]
[Date "2018.04.11"]
[Round "4"]
[White "Vidic, Teja"]
[Black "Fataliyeva, Ulviyya"]
[Result "0-1"]
[WhiteElo "2176"]
[BlackElo "2361"]
[Annotator "NA"]
[PlyCount "82"]
[EventDate "2018.??.??"]
[EventType "swiss"]
[EventCountry "SVK"]
[SourceTitle "playchess.com"]
[Source "ChessBase"]
[SourceQuality "1"]
[TimeControl "40/5400+30:1800+30"]

1. e4 {[%emt 0:00:00]} e6 {[%emt 0:00:02]} 2. d4 {[%emt 0:00:00]} d5 {[%emt 0:00:02]} 3. Nd2 {[%emt 0:00:00]} a6 {[%emt 0:00:01]} 4. Ngf3 {[%emt 0:00:04]} c5 {[%emt 0:00:02]} 5. exd5 {[%emt 0:01:02] LiveBook: 801 Games} exd5 {[%emt 0:00:01]} 6. Be2 {[%emt 0:00:08]} Nf6 {[%emt 0:00:23]} 7. O-O {[%emt 0:00:20]} Be7 {[%emt 0:00:58]} 8. dxc5 {[%emt 0:02:09]} Bxc5 {[%emt 0:00:08]} 9. Nb3 {[%emt 0:00:04]} Bb6 {[%emt 0:00:09]} 10. Bg5 {[%emt 0:02:51] C08: French Tarrasch: 3...c5 4 exd5 exd5 sidelines} O-O {[%emt 0:01:02]} 11. Nfd4 {[%emt 0:04:43]} Nc6 {[%emt 0:00:41]} 12. c3 {[%emt 0:05:30]} h6 {[%emt 0:00:56]} 13. Bh4 {[%emt 0:00:23]} Re8 {[%emt 0:02:21]} 14. Bf3 {[%emt 0:05:15]} g5 {[%emt 0:01:03]} 15. Bg3 {[%emt 0:03:46]} Ne5 $146 {[%emt 0:04:58]} ({Predecessor:} 15... Ne4 16. Bxe4 dxe4 17. Qh5 Qf6 18. Nxc6 bxc6 {½-½ (43) Yemelin,V (2574)-Kanovsky,D (2419) Czechia 2015}) 16. Re1 {[%emt 0:03:15]} Bc7 {[%emt 0:02:46]} 17. h4 {[%emt 0:10:43]} g4 $1 {[%emt 0:09:40]} 18. Be2 {[%emt 0:00:24]} Ne4 {[%emt 0:03:52]} 19. Bd3 $1 {[%emt 0:05:58]} f5 {[%emt 0:04:24]} 20. Ne2 {[%emt 0:08:11]} Be6 {[%emt 0:25:10]} 21. Nbd4 {[%emt 0:00:37]} Bd7 {[%emt 0:01:31]} (21... Qf6 $11) 22. Rc1 {[%emt 0:14:32]} ({Better is} 22. Bxe4 $16 dxe4 23. Qb3+ Kh8 24. Nf4 (24. Qxb7 Rb8 $14)) 22... Kh7 {[%emt 0:03:46]} 23. Bc2 {[%emt 0:06:19]} Nc4 {[%emt 0:12:23]} 24. Bxe4 fxe4 {[%emt 0:00:45]} 25. Qc2 {[%emt 0:02:54]} Rf8 {[%emt 0:06:34]} 26. b3 {[%emt 0:03:17]} Ne5 {[%emt 0:06:09]} 27. c4 {[%emt 0:02:45]} Nd3 {[%emt 0:00:33]} 28. cxd5 {[%emt 0:00:04]} Bxg3 {[%emt 0:00:12]} 29. Nxg3 $15 {[%emt 0:07:15]} (29. fxg3 $11 Rc8 30. Qb1) 29... Rxf2 {[%emt 0:00:37]} 30. Re2 {[%emt 0:01:09]} Rc8 {[%emt 0:00:49]} 31. Nc6 {[%emt 0:02:00]} bxc6 {[%emt 0:05:58]} 32. Nxe4 {[%emt 0:05:03]} cxd5 {[%emt 0:04:44]} 33. Qxd3 {[%emt 0:02:46]} Rxc1+ {[%emt 0:00:08]} 34. Kxf2 {[%emt 0:00:15]} dxe4 {[%emt 0:01:18]} 35. Qxe4+ {[%emt 0:00:04]} Kh8 {[%emt 0:00:11]} 36. Qd4+ {[%emt 0:03:25]} Kg8 {[%emt 0:00:05]} 37. Qd5+ {[%emt 0:01:07]} Kg7 {[%emt 0:00:17]} 38. Rd2 {[%emt 0:00:46]} Qf6+ {[%emt 0:00:35]} 39. Ke3 {[%emt 0:00:24]} Re1+ {[%emt 0:00:52]} 40. Kd3 {[%emt 0:00:00]} Bf5+ {[%emt 0:00:23]} 41. Kc4 {[%emt 0:00:20]} Be6 {[%emt 0:00:26] Kd4} 0-1

[Event "EIWCC 2018"]
[Site "Vysoke Tatry"]
[Date "2018.04.11"]
[Round "4"]
[White "Batyte, Daiva"]
[Black "Brunello, Marina"]
[Result "0-1"]
[WhiteElo "2165"]
[BlackElo "2307"]
[Annotator "RC"]
[PlyCount "138"]
[EventDate "2018.??.??"]
[EventType "swiss"]
[EventCountry "SVK"]
[SourceTitle "playchess.com"]
[Source "ChessBase"]
[SourceQuality "1"]
[TimeControl "40/5400+30:1800+30"]

1. c4 {[%emt 0:00:00]} e5 {[%emt 0:00:05]} 2. Nc3 {[%emt 0:02:20]} Bb4 {[%emt 0:00:10]} 3. Nd5 {[%emt 0:06:50]} Bc5 {[%emt 0:00:06]} 4. e3 {[%emt 0:01:03]} Nf6 {[%emt 0:00:08]} 5. Nc3 {[%emt 0:04:39]} d5 {[%emt 0:15:59]} 6. cxd5 {[%emt 0:12:40]} Nxd5 {[%emt 0:00:07]} 7. Nf3 {[%emt 0:00:38]} Nc6 {[%emt 0:04:41]} 8. d3 {[%emt 0:03:53]} Be6 {[%emt 0:06:50]} 9. Be2 {[%emt 0:05:45]} O-O {[%emt 0:06:18]} 10. O-O {[%emt 0:03:22]} Be7 {[%emt 0:02:17]} 11. e4 {[%emt 0:13:26]} Nb6 {[%emt 0:03:41]} 12. Be3 {[%emt 0:02:06]} Bf6 {[%emt 0:02:37]} 13. Na4 {[%emt 0:03:59]} Nxa4 {[%emt 0:06:06]} 14. Qxa4 {[%emt 0:00:12]} Qd6 {[%emt 0:00:11]} 15. Rac1 {[%emt 0:04:02]} Rfd8 {[%emt 0:00:38]} 16. Ng5 {[%emt 0:06:22]} Bxg5 {[%emt 0:04:12]} 17. Bxg5 {[%emt 0:00:08]} Nd4 {[%emt 0:00:06]} 18. Bd1 {[%emt 0:01:43]} f6 {[%emt 0:06:03]} 19. Be3 {[%emt 0:02:02]} Qe7 {[%emt 0:04:12]} 20. Qa5 {[%emt 0:04:18]} b6 {[%emt 0:01:18]} 21. Qc3 {[%emt 0:01:37]} c5 {[%emt 0:00:25]} 22. a3 {[%emt 0:00:41]} a5 {[%emt 0:00:06]} 23. f4 {[%emt 0:01:41]} h6 {[%emt 0:09:54]} 24. Qe1 {[%emt 0:01:21]} Kh8 {[%emt 0:05:03]} 25. Qh4 {[%emt 0:01:30]} Ra7 {[%emt 0:00:40]} 26. Kh1 {[%emt 0:01:57]} Kh7 {[%emt 0:03:56]} 27. Bh5 {[%emt 0:00:21]} exf4 {[%emt 0:01:09]} 28. Qxf4 {[%emt 0:00:59]} Nc6 {[%emt 0:00:30]} 29. Rcd1 {[%emt 0:01:44]} Rad7 {[%emt 0:00:22]} 30. Qg3 {[%emt 0:00:15]} Ne5 {[%emt 0:00:13]} 31. d4 {[%emt 0:00:27]} cxd4 {[%emt 0:00:26]} 32. Bf4 {[%emt 0:00:18]} Bc4 {[%emt 0:01:40]} 33. Rf2 {[%emt 0:03:51]} a4 {[%emt 0:01:18]} 34. h3 {[%emt 0:01:11]} b5 {[%emt 0:00:55]} 35. Rfd2 {[%emt 0:02:44]} Bf7 {[%emt 0:06:41]} 36. Bxf7 {[%emt 0:01:45]} Nxf7 {[%emt 0:00:13]} 37. Qd3 {[%emt 0:00:11]} Rb7 {[%emt 0:02:41]} 38. e5+ {[%emt 0:00:32]} Kg8 {[%emt 0:00:56]} 39. exf6 {[%emt 0:02:10]} Qxf6 {[%emt 0:00:03]} 40. Qf3 {[%emt 0:00:00]} Rbd7 {[%emt 0:02:49]} 41. Qg3 {[%emt 0:07:10]} Rd5 {[%emt 0:03:05]} 42. Bc7 {[%emt 0:02:04]} R8d7 {[%emt 0:03:44]} 43. Re2 {[%emt 0:03:06]} Qg5 {[%emt 0:03:54]} 44. Qxg5 {[%emt 0:03:46]} Nxg5 {[%emt 0:02:20]} 45. Bb6 {[%emt 0:00:59]} R7d6 {[%emt 0:02:56]} 46. Ba7 {[%emt 0:05:14]} Kf7 {[%emt 0:01:06]} 47. Rd3 Kg6 {[%emt 0:01:31]} 48. Kh2 {[%emt 0:01:34]} Ne6 {[%emt 0:00:53]} 49. Re4 {[%emt 0:01:55]} Kf5 {[%emt 0:01:09]} 50. Rg4 {[%emt 0:05:36]} g5 {[%emt 0:01:19]} 51. Bb8 {[%emt 0:01:09]} h5 {[%emt 0:02:01]} 52. Rf3+ {[%emt 0:02:27]} Nf4 {[%emt 0:01:57]} 53. Rgg3 {[%emt 0:00:43]} h4 {[%emt 0:04:55]} 54. Rg4 {[%emt 0:00:12]} d3 {[%emt 0:00:32]} 55. Bxd6 {[%emt 0:00:18]} Rxd6 {[%emt 0:00:07]} 56. Rf1 {[%emt 0:00:37]} Re6 {[%emt 0:04:40]} 57. Rc1 {[%emt 0:01:41]} Re5 {[%emt 0:00:39]} 58. Rd1 {[%emt 0:00:39]} Re2 {[%emt 0:02:50]} 59. Rxf4+ {[%emt 0:00:27]} gxf4 {[%emt 0:01:13]} 60. Rxd3 {[%emt 0:00:48]} Ke4 {[%emt 0:00:30]} 61. Rd7 {[%emt 0:01:03]} f3 {[%emt 0:00:51]} 62. Kg1 {[%emt 0:00:21]} Rxg2+ {[%emt 0:00:16]} 63. Kf1 {[%emt 0:00:06]} Rxb2 {[%emt 0:00:11]} 64. Rh7 {[%emt 0:00:16]} Ke3 {[%emt 0:00:38]} 65. Re7+ {[%emt 0:00:11]} Kf4 {[%emt 0:00:38]} 66. Rg7 {[%emt 0:00:37]} b4 {[%emt 0:00:51]} 67. axb4 {[%emt 0:02:31]} a3 {[%emt 0:00:03]} 68. b5 {[%emt 0:02:48]} a2 {[%emt 0:00:06]} 69. Ra7 {[%emt 0:00:07]} Rb1+ {[%emt 0:00:04]} 0-1